Statistics for Waterfalls of Yellowstone National Park

Click here to take the quiz!

General Stats

  • This quiz has been taken 5 times
  • The average score is 12 of 19

Answer Stats

RiverHeightAnswer% Correct
Gibbon River84 FeetGibbon Falls
100%
Yellowstone River132 FeetTower Falls
100%
Falls River35 FeetCave Falls
67%
Bechler River102 FeetColonnade Falls
67%
Fairy Creek200 FeetFairy Falls
67%
Firehole River40 FeetFirehole Falls
67%
Firehole River50 FeetKepler Cascades
67%
Yellowstone River308 FeetLower Falls
67%
Crawfish Creek30 FeetMoose Falls
67%
Little Firehole River70 FeetMystic Falls
67%
Lava Creek60 FeetUndine Falls
67%
Mountain Ash Creek260 FeetUnion Falls
67%
Yellowstone River109 FeetUpper Falls
67%
Lupine Creek79 FeetWraith Falls
67%
Boundary Creek110 FeetDunanda Falls
33%
Yellowstone RiverN/A(Rapids)LeHardys Rapids
33%
Lewis River29 FeetLewis Falls
33%
Ouzel Creek235 FeetOuzel Falls
33%
Gibbon River60 FeetVirginia Cascade
33%

Score Distribution

Percentile by Number Answered

Percent of People with Each Score

Your Score History

You have not taken this quiz